00365nam a2200121 a 450000500170000000800410001705000240005810000220008224500370010426000690014130000210021065000120023120140310183148.0020826s19uu xx 00 eng d aPQ 2168b.B198 1962 ade Balzac, Honore aPere goriot /cHonore de Balzac. aUSA :bThe New American Library of World Literature Inc.,c1962. a284 p. :c18 cm. aFiction